Chapter 12 Hölderlin’s Higher Enlightenment (Record no. 17798)

MARC details
000 -LEADER
fixed length control field 00966nam a2200121Ia 4500
008 - FIXED-LENGTH DATA ELEMENTS--GENERAL INFORMATION
fixed length control field 220615s9999||||xx |||||||||||||| ||und||
100 ## - MAIN ENTRY--PERSONAL NAME
Personal name Flodin, Camilla
245 #0 - TITLE STATEMENT
Title Chapter 12 Hölderlin’s Higher Enlightenment
546 ## - LANGUAGE NOTE
Language note English[eng]
650 ## - SUBJECT ADDED ENTRY--TOPICAL TERM
Topical term or geographic name entry element Adam Smith||Alexander Gottlieb Baumgarten||Anne Pollok||aesthetics narrative||aesthetic experience||autonomy||British aesthetics||Camilla Flodin||David Hume||Dorothea von Mücke||disinterestednes||Emily Brady||Friedrich Hölderlin||force||German aesthetics||German romanticism||Goethe||G.E. Lessing||higher enlightenment||Jocelyn Holland||Johann Joachim Winckelmann||Johann Wilhelm Ritter||Joseph Addison||Karen Green||Karl Axelsson||Madame de Staël||Maria Semi||Mattias Pirholt||Moses Mendelssohn||morality
856 ## - ELECTRONIC LOCATION AND ACCESS
Uniform Resource Identifier <a href="https://library.oapen.org/bitstream/20.500.12657/46492/1/9781000077247-ch12.pdf||https://library.oapen.org/bitstream/20.500.12657/46492/1/9781000077247-ch12.pdf">https://library.oapen.org/bitstream/20.500.12657/46492/1/9781000077247-ch12.pdf||https://library.oapen.org/bitstream/20.500.12657/46492/1/9781000077247-ch12.pdf</a>
942 ## - ADDED ENTRY ELEMENTS (KOHA)
Koha item type E-Books
Holdings
Withdrawn status Lost status Damaged status Not for loan Home library Current library Date acquired Total Checkouts Date last seen Price effective from Koha item type
        Kerala University of Digital Sciences, Innovation and Technology Knowledge Centre Kerala University of Digital Sciences, Innovation and Technology Knowledge Centre 15/06/2022   15/06/2022 15/06/2022 E-Books